000 00383nam a2200169Ia 4500
008 240829s1983 xx 000 0 und d
041 _amar
082 _a891.2/ATH
100 _aGARDHE.'G.
245 _aSARTH VAGBHAT
250 _a1
260 _aPUNE
_bGAJANAN BOOK DEPO
_c1983
300 _a519p
650 _aASTANGA H
906 _aSARTH VAGBHAT.
999 _c1182779
_d1182779